Online katalóg knižníc regiónu Turca

Denník saudskej manželky (Record no. 22044)

MARC details
000 -LEADER
fixed length control field 01792cam a2200505 4500
001 - CONTROL NUMBER
control field 22044
003 - CONTROL NUMBER IDENTIFIER
control field VRT
005 - DATE AND TIME OF LATEST TRANSACTION
control field 20260318094239.0
008 - FIXED-LENGTH DATA ELEMENTS--GENERAL INFORMATION
fixed length control field 200104s2017 xo gr 000 fdslo
015 ## - NATIONAL BIBLIOGRAPHY NUMBER
National bibliography number SNBA2018/05
020 ## - INTERNATIONAL STANDARD BOOK NUMBER
International Standard Book Number 9788056900222
Qualifying information (viazané)
035 ## - SYSTEM CONTROL NUMBER
System control number urn:nbn:sk:snk-am00d2on
035 ## - SYSTEM CONTROL NUMBER
System control number urn:nbn:sk:snk-am3hjms
035 ## - SYSTEM CONTROL NUMBER
System control number EF985461-795A-46DD-9620-9387A4A1158A
039 #9 - LEVEL OF BIBLIOGRAPHIC CONTROL AND CODING DETAIL [OBSOLETE]
Level of rules in bibliographic description 202001041236
Level of effort used to assign nonsubject heading access points VLOAD
Level of effort used to assign subject headings 201805221303
Level of effort used to assign classification msnk21
Level of effort used to assign subject headings 201804111056
Level of effort used to assign classification msnk134
Level of effort used to assign subject headings 201803201056
Level of effort used to assign classification msvkbb03
040 ## - CATALOGING SOURCE
Original cataloging agency PPPK
Language of cataloging slo
Transcribing agency PPPK
Modifying agency SNK
Description conventions rda
041 0# - LANGUAGE CODE
Language code of text/sound track or separate title slo
044 ## - COUNTRY OF PUBLISHING/PRODUCING ENTITY CODE
MARC country code xo
ISO country code SK
072 #7 - SUBJECT CATEGORY CODE
Subject category code 821.162.4-3
Subject category code subdivision Slovenská próza
Source konspekt
080 ## - UNIVERSAL DECIMAL CLASSIFICATION NUMBER
Universal Decimal Classification number 821.162.4-32
Edition identifier 2011
080 ## - UNIVERSAL DECIMAL CLASSIFICATION NUMBER
Universal Decimal Classification number (0:82-322.6)
Edition identifier 2011
080 ## - UNIVERSAL DECIMAL CLASSIFICATION NUMBER
Universal Decimal Classification number (093.3)
Edition identifier 2011
100 1# - MAIN ENTRY--PERSONAL NAME
Personal name Bulbeck, Soňa,
Dates associated with a name 1961-
Relationship aut
245 10 - TITLE STATEMENT
Title Denník saudskej manželky
Statement of responsibility, etc. Soňa Bulbeck
250 ## - EDITION STATEMENT
Edition statement 1. vydanie
264 #1 - PRODUCTION, PUBLICATION, DISTRIBUTION, MANUFACTURE, AND COPYRIGHT NOTICE
Place of production, publication, distribution, manufacture Bratislava
Name of producer, publisher, distributor, manufacturer Marenčin PT
Date of production, publication, distribution, manufacture, or copyright notice 2017
300 ## - PHYSICAL DESCRIPTION
Extent 158 strán
Dimensions 21 cm
336 ## - CONTENT TYPE
Content type term text
Content type code txt
Source rdacontent
337 ## - MEDIA TYPE
Media type term bez média
Media type code n
Source rdamedia
338 ## - CARRIER TYPE
Carrier type term zväzok
Carrier type code nc
Source rdacarrier
500 ## - GENERAL NOTE
General note Obsahuje biografické údaje o autorke na prebale publikácie
655 #7 - INDEX TERM--GENRE/FORM
Genre/form data or focus term slovenské príbehy
Source of term SNKPH
655 #7 - INDEX TERM--GENRE/FORM
Genre/form data or focus term autobiografické príbehy
Source of term SNKPH
655 #7 - INDEX TERM--GENRE/FORM
Genre/form data or focus term denníky
Source of term SNKPH
655 #7 - INDEX TERM--GENRE/FORM
Genre/form data or focus term Slovak stories
Source of term SNKPHeng
655 #7 - INDEX TERM--GENRE/FORM
Genre/form data or focus term Autobiographical stories
Source of term SNKPHeng
655 #7 - INDEX TERM--GENRE/FORM
Genre/form data or focus term Diaries
Source of term SNKPHeng
942 ## - ADDED ENTRY ELEMENTS (KOHA)
Source of classification or shelving scheme Dewey Decimal Classification
Koha item type Krásna literatúra pre dospelých
Suppress in OPAC No
949 ## - LOCAL PROCESSING INFORMATION (OCLC)
6 273K0632659
a svkpoA 238631
b svkpo625632
949 ## - LOCAL PROCESSING INFORMATION (OCLC)
6 270001000587453
a svkbbA 153726
b svkbbm 775054
949 ## - LOCAL PROCESSING INFORMATION (OCLC)
6 2889336940
a savukPV 25999
b savuk2018/1508
949 ## - LOCAL PROCESSING INFORMATION (OCLC)
6 17A1329507
a snkSC 179086
b snk2018/8273
o 795/2018
s 6100:20180529
949 ## - LOCAL PROCESSING INFORMATION (OCLC)
6 17A1329508
a snkSC 179086 D1
b snk2018/8274
o 795/2018
Holdings
Stav vyradenia Strata Poškodenie Spôsob nadobudnutia Domovská knižnica Aktuálna knižnica Dátum nadobudnutia Total checkouts Čiarový kód exemplára Date last seen Typ exemplára
      Dar Obecná knižnica Turčianska Štiavnička Obecná knižnica Turčianska Štiavnička 18.03.2026   4738000539 18.03.2026 Krásna literatúra pre dospelých
Projekt je podporený Slovenskou asociáciou knižníc
Prevádzkuje Turčianska knižnica Martin 2026